Santidad y vida en el siglo

Saved in:
Bibliografiske detaljer
Main Authors: Díez Alegría, J. M (Author), Gilbert, J (Author), Hausherr, I (Author), Lyonnet, S (Author), Spicq, C (Author), Thils, G (Author)
Format: Bog
Sprog:spansk
Udgivet: Barcelona Herder 1969
Serier:Biblioteca Herder, 118
Fag:
Tags: Tilføj Tag
Ingen Tags, Vær først til at tagge denne postø!

MARC

LEADER 00000nam a2200000 a 4500
001 UCR3145
003 CL-VaPUC
008 980123e19690000SP |||||||||||||||||spa|d
082 0 4 |a 234.8  |b DIE  |2 21 
100 0 |a Díez Alegría, J. M  |e author  |9 401982 
700 0 |a Gilbert, J  |e author  |9 401983 
700 0 |a Hausherr, I  |e author  |9 401984 
700 0 |a Lyonnet, S  |e author  |9 401985 
700 0 |a Spicq, C  |e author  |9 401986 
700 0 |a Thils, G  |e author  |9 401987 
245 1 0 |a Santidad y vida en el siglo 
300 |a 301 p 
942 |c BK 
945 |d 19980123 00:00:00  |a rleighto 
260 |a Barcelona  |b Herder  |c 1969 
650 7 |a SANTIDAD  |2 CL-VaPUC  |9 394686 
650 0 |a Vida cotidiana   |9 322355 
650 0 |a Antiguo testamento   |9 313678 
650 0 |a Nuevo testamento  |9 257604 
650 7 |a DOCTRINA CRISTIANA  |2 CL-VaPUC  |9 339115 
650 0 |a Textos sagrados   |9 257605 
650 0 |a Espiritualidad   |9 267331 
583 |a last modification  |c 19980123 00:00:00  |k Rodrigo Vera 
490 0 |a Biblioteca Herder, 118 
999 |c 266244  |d 266242 
952 |0 0  |1 0  |4 0  |6 234_800000000000000_DIE_1969  |7 0  |8 A  |9 297659  |a BIBTEO  |b BIBTEO  |d 2019-11-20  |i 3369552  |o 234.8 DIE 1969  |p 3369552  |r 2025-01-17  |w 2019-11-20  |y BK  |k ICR